Basic Soil Mechanics / (Record no. 2438)

MARC details
000 -LEADER
fixed length control field 00960nac a22002171u 4500
008 - FIXED-LENGTH DATA ELEMENTS--GENERAL INFORMATION
fixed length control field 100907t xxu||||| |||| 00| 0 eng d
010 ## - LIBRARY OF CONGRESS CONTROL NUMBER
LC control number 00036315
020 ## - INTERNATIONAL STANDARD BOOK NUMBER
International Standard Book Number 0582381096
020 ## - INTERNATIONAL STANDARD BOOK NUMBER
International Standard Book Number 9780582381094
082 00 - DEWEY DECIMAL CLASSIFICATION NUMBER
Classification number 624.15136
Item number WHI
100 ## - MAIN ENTRY--PERSONAL NAME
Personal name Whitlow, R.
9 (RLIN) 18482
245 10 - TITLE STATEMENT
Title Basic Soil Mechanics /
Statement of responsibility, etc Roy Whitlow.
250 ## - EDITION STATEMENT
Edition statement 4th ed.
260 ## - PUBLICATION, DISTRIBUTION, ETC. (IMPRINT)
Place of publication, distribution, etc Harlow, England ;
-- New York :
Name of publisher, distributor, etc Pearson Prentice Hall,
Date of publication, distribution, etc c2001.
300 ## - PHYSICAL DESCRIPTION
Extent xix, 571 p. :
Other physical details ill. ;
Dimensions 23 cm. +
Accompanying material 1 CD-ROM (4 3/4 in.)
504 ## - BIBLIOGRAPHY, ETC. NOTE
Bibliography, etc Includes bibliographical references and index.
650 #0 - SUBJECT ADDED ENTRY--TOPICAL TERM
Topical term or geographic name as entry element Soil mechanics.
9 (RLIN) 18483
942 ## - ADDED ENTRY ELEMENTS (KOHA)
Item type Book - Borrowing
Call number prefix 624.15136WHI
Source of classification or shelving scheme Dewey Decimal Classification
Holdings
Withdrawn status Item status Source of classification or shelving scheme Damaged status Not for loan Vendor Home library Current library Shelving location Date acquired Source of acquisition Total Checkouts Total Renewals Full call number Barcode Date last seen Date last borrowed Koha item type
    Dewey Decimal Classification       Central Library Central Library First floor 07/09/2010   3 21 624.15136 WHI 000001872 15/07/2025 13/02/2018 Book - Borrowing
    Dewey Decimal Classification       Central Library Central Library First floor 07/07/2011       624.15136 WHI 000006914 24/08/2022   CD | DVD - With book